Statistics for Word Unscramble #1(HARD)

Click here to take the quiz!

General Stats

  • This quiz has been taken 23 times
  • The average score is 6 of 15

Answer Stats

Unscrambled wordAnswer% Correct
yPmxiritoProximity
84%
laSnmoSalmon
74%
rgeeevaLLeverage
68%
ftvefEeciEffective
68%
wdeKlgeonKnowledge
63%
vrdeoEanEndeavor
53%
iutPnclaytuPunctuality
47%
etpAcancecAcceptance
47%
zKtsgryanyKyrgyzstan
47%
CdtpelcioamComplicated
11%
mzlotiaEieonEmotionalize
11%
oalCdeisotnConsolidate
5%
tmDocusioohDichotomous
0%
sBeraixoaBasorexia
0%
strsptmdaHooiabhooeqoiplspeouoppiinHippopotomonstrosesquipedaliophobia
0%

Score Distribution

Percentile by Number Answered

Percent of People with Each Score

Your Score History

You have not taken this quiz